000 00452nam a2200169Ia 4500
008 160319s9999 xx 000 0 und d
245 _aAng sakramento ng binyag /
260 _bCommunication Foundation of Asia.
260 _cNA
300 _a1 videodisc :
300 _bsound, colored ;
300 _c4 3/4 in.
650 _aBaptism -- Catholic church.
650 _aCatholic Church --
650 _aInfant baptism.
650 _xDoctrines.
999 _c292668
_d292668